Moby Dick La Ballena Blanca
সংরক্ষণ করুন:
| প্রধান লেখক: | |
|---|---|
| বিন্যাস: | গ্রন্থ |
| ভাষা: | স্প্যানিশ |
| প্রকাশিত: |
Santiago
Zig-Zag
1982
|
| মালা: | Colección Juvenil Zig-Zag
|
| বিষয়গুলি: | |
| ট্যাগগুলো: |
ট্যাগ যুক্ত করুন
কোনো ট্যাগ নেই, প্রথমজন হিসাবে ট্যাগ করুন!
|
MARC
| LEADER | 00000nam a2200000 a 4500 | ||
|---|---|---|---|
| 001 | UCH5316 | ||
| 003 | CL-VaPUC | ||
| 008 | 091014e19820000CL |||||||||||||||||spa|d | ||
| 082 | 0 | 4 | |a 813 |b MEL |2 21 |
| 100 | |a Melville, Herman, |d 1819-1891 |e autor |9 308857 | ||
| 245 | 1 | 0 | |a Moby Dick La Ballena Blanca |
| 300 | |a 169 p | ||
| 942 | |c BK | ||
| 945 | |d 20091014 00:00:00 |a lazolas | ||
| 260 | |a Santiago |b Zig-Zag |c 1982 | ||
| 650 | 0 | |a Novelas estadounidenses |9 265217 | |
| 583 | |a last modification |c 20160520 16:17:04 |k Rodrigo Vera | ||
| 490 | 0 | |a Colección Juvenil Zig-Zag | |
| 999 | |c 336479 |d 336477 | ||